Registros tributarios de las rentas empresariales - Manual de casos prácticos
Tallennettuna:
| Päätekijä: | |
|---|---|
| Aineistotyyppi: | Tuntematon |
| Julkaistu: |
Santiago, Chile:
Campus Tributario,
2023.
|
| Aiheet: | |
| Tagit: |
Lisää tagi
Ei tageja, Lisää ensimmäinen tagi!
|
MARC
| LEADER | 00000 a2200000 4500 | ||
|---|---|---|---|
| 003 | CL-VaPUC | ||
| 005 | 20240415103004.0 | ||
| 008 | 240411t2023 ||||| |||| 00| 0 eng d | ||
| 999 | |c 443467 |d 443465 | ||
| 020 | |a 978-956-6324-00-3 | ||
| 040 | |c Pontificia Universidad Católica de Valparaíso | ||
| 082 | 7 | |2 22 |a 336.207 GON 2023 | |
| 100 | |a González Silva, Luis |9 888227 |e autor | ||
| 245 | |a Registros tributarios de las rentas empresariales - Manual de casos prácticos | ||
| 260 | |b Campus Tributario, |c 2023. |a Santiago, Chile: | ||
| 300 | |a 466 páginas. | ||
| 583 | |k GC |c 20240411 | ||
| 650 | 0 | |9 888297 |a Impuesto industrial (Empresas) |v Proceso tributario |x Manual |x Ejercicios prácticos |z Chile | |
| 650 | 0 | |9 662584 |a Ley sobre Impuesto a la Renta (LIR) |x Manual |x Ejercicios prácticos |z Chile | |
| 942 | |2 ddc |c BK | ||
| 952 | |0 0 |1 0 |2 ddc |4 0 |6 336_207000000000000_GON_2023 |7 0 |8 A |9 593996 |a BIBGIM |b BIBGIM |d 2024-04-08 |e 22 |g 50907.12 |i 5660635 |l 1 |o 336.207 GON 2023 |p 5660635 |r 2025-01-15 |s 2024-04-19 |t 1 |v 50907.12 |w 2024-04-08 |y BK |k COM | ||
| 952 | |0 0 |1 0 |2 ddc |4 0 |6 336_207000000000000_GON_2023 |7 0 |8 A |9 593997 |a BIBGIM |b BIBGIM |d 2024-04-08 |e 22 |g 50907.12 |i 5660639 |l 4 |o 336.207 GON 2023 |p 5660639 |r 2025-01-15 |s 2024-11-05 |t 5 |v 50907.12 |w 2024-04-08 |y BK |k COM | ||
| 952 | |0 0 |1 0 |2 ddc |4 0 |6 336_207000000000000_GON_2023 |7 0 |8 A |9 593998 |a BIBGIM |b BIBGIM |d 2024-04-08 |e 22 |g 50907.12 |i 5660638 |l 1 |o 336.207 GON 2023 |p 5660638 |r 2025-01-15 |s 2024-11-05 |t 4 |v 50907.12 |w 2024-04-08 |y BK |k COM | ||
| 952 | |0 0 |1 0 |2 ddc |4 0 |6 336_207000000000000_GON_2023 |7 0 |8 A |9 593999 |a BIBGIM |b BIBGIM |d 2024-04-08 |e 22 |g 50907.12 |i 5660636 |l 2 |m 1 |o 336.207 GON 2023 |p 5660636 |r 2025-01-15 |s 2024-10-10 |t 2 |v 50907.12 |w 2024-04-08 |y BK |k COM | ||
| 952 | |0 0 |1 0 |2 ddc |4 0 |6 336_207000000000000_GON_2023 |7 0 |8 A |9 594000 |a BIBGIM |b BIBGIM |d 2024-04-08 |e 22 |g 50907.12 |i 5660637 |o 336.207 GON 2023 |p 5660637 |r 2025-01-15 |t 3 |v 50907.12 |w 2024-04-08 |y BK |k COM | ||